RWBY - Who killed who? - Statistics

General Stats
  • This quiz has been taken 182 times
    111 since last reset
  • The average score is 9 of 10
Answer Stats
Victim(s) Killer % Correct
Adam Taurus Blake Belladonna & Yang Xiao Long
100%
Pyrrha Nikos | Professor Ozpin | Arthur Watts | Vernal | Amber | Rhodes | Madame | Step Sisters | Mistral Woman | Various Atlas/Mantle citizens Cinder Fall
98%
Penny Polendina Pyrrha Nikos / Jaune Arc
96%
Sienna Khan Adam Taurus
95%
Professor Leonardo Lionheart | Ozma (first re-incarnation) Salem
95%
Tukson | Marcus Black Mercury Black
91%
Jacques Schnee | Councilman Sleet General James Ironwood
89%
Clover Ebi | Forest | Various Mantle citizens Tyrian Callows
89%
Tock Maria Calavera
80%
The Hound Whitley Schnee & Willow Schnee
69%
No matching quizzes found
Score Distribution
Percent of People with Each Score
Percentile by Number Answered
Your Score History
You have not taken this quiz since the last reset